| 000 | 01700nam0a2200397 4500 | ||
|---|---|---|---|
| 001 | RU\NLR\bibl\320485 | ||
| 005 | 20260407062600.0 | ||
| 010 |
_a5-7659-0123-9 _93000 |
||
| 021 |
_aRU _b2002-31109 _91541 |
||
| 035 | _a(NLR Aleph) 000315546 | ||
| 090 |
_a64590 _c64590 |
||
| 100 | _a20021008d2002 |||y0rusy50 ca | ||
| 101 | 0 | _arus | |
| 102 | _aRU | ||
| 105 | _aa ||||||||| | ||
| 200 | 1 |
_aМалопургинская земля - моя Родина _e[Сб.] _fАдминистрация Малопург. р-на Удмурт. Респ. _g[Сост. В.С. Зорина _gРедкол.: В.И. Панфилова и др.] |
|
| 210 |
_aИжевск _cУдмуртия _d2002 |
||
| 215 |
_a399, [1] с., [15] л. ил. _d21 |
||
| 607 |
_aМалопургинский район (Удмуртия) _jСборники _xИстория _92264187 _3RU\NLR\auth\661357379 |
||
| 610 | 0 | _aУдмуртская Республика - Краеведение | |
| 610 | 0 | _aМалопургинский р-н, Удмуртия, краеведение | |
| 675 |
_a908(470.51) _v3 _zrus |
||
| 686 |
_a39.23 _2rugasnti |
||
| 686 |
_a63.3(2Рос.Удм) _2rubbk |
||
| 686 | _aТ3(2Р-6У)я43 | ||
| 702 | 1 |
_aЗорина _bВ. С. _gВалентина Спиридоновна _4220 |
|
| 702 | 1 |
_aПанфилова _bВ. И. _4340 |
|
| 712 | 0 | 2 |
_4570 _aМалопургинская районная администрация _cУдмуртская Республика _9558213 _3RU\NLR\AUTH\8810029819 |
| 801 | 0 |
_aRU _bRKP _c20021008 _gPSBO |
|
| 801 | 1 |
_aRU _bRKP _c20021008 |
|
| 801 | 2 |
_aRU _bNLR _c20071224 _grcr |
|
| 942 | _cBOOK | ||
| 980 | _aNB | ||
| 980 | _aNBR | ||